| 000 | 01073nam a2200217 a 4500 | ||
|---|---|---|---|
| 008 | 940707s1949 pauac 000 0 eng d | ||
| 100 | _aNational Philatelic Museum | ||
| 245 | 1 | 0 |
_aCentenary stamp exhibition, New South Wales and Australian states : _bJuly 17-August 12, 1949 / _csponsored by Society of Australasian Specialists ; New South Wales and Australian States Exhibition Committee, Robson Lowe ... [et al.] ; National Museum Exhibition Committee, Donald M. Steele ... [et al.]. |
| 260 |
_a[Philadelphia : _bNational Philatelic Museum, _c1949] |
||
| 490 | 0 |
_aOfficial bulletin / Philatelic Museum ; _vv. 1, no. 7 |
|
| 500 | _aCover title: Centenary stamp exhibition, New South Wales & Australian states. | ||
| 650 | 0 |
_aPostage stamps _zAustralia |
|
| 650 | 0 |
_aPostage stamps _zNew South Wales |
|
| 650 | 0 |
_aStamp collecting _zAustralia |
|
| 650 | 0 |
_aStamp collecting _zNew South Wales |
|
| 650 | 0 |
_aPostal service _zAustralia |
|
| 650 | 0 |
_aPostal service _zNew South Wales |
|
| 700 | 1 | _aLowe, Robson. | |
| 700 | 1 | _aSteele, Donald M. | |
| 999 |
_c2113 _d2113 |
||